Statistics for Top 10 Defenses in NFL History

Click here to take the quiz!

General Stats

  • This quiz has been taken 63 times
  • The average score is 6 of 10

Answer Stats

RankYearAnswer% Correct
1.1985Chicago Bears
80%
8.2015Denver Broncos
77%
3.2013Seattle Seahawks
71%
10.1986New York Giants
66%
2.2000Baltimore Ravens
64%
9.1962Green Bay Packers
57%
5.2002Tampa Bay Buccaneers
55%
4.1976Pittsburgh Steelers
52%
7.1971Minnesota Vikings
45%
6.1991Philadelphia Eagles
23%

Score Distribution

Percentile by Number Answered

Percent of People with Each Score

Your Score History

You have not taken this quiz